Sports Quiz

Random Sports or World Quiz

No World Series Titles Quiz Stats

 Plays Quiz not verified by Sporcle

Challenge
Share
Tweet
Embed
Score 0/8 Timer 02:00
0 Plays Today
Team % Correct
Seattle Mariners
84.7%
Tampa Bay Rays
83.8%
Washington Nationals
83.4%
Texas Rangers
81.4%
Houston Astros
80.2%
San Diego Padres
79.5%
Colorado Rockies
78.5%
Milwaukee Brewers
72.5%

You're not logged in!

Compare scores with friends on all Sporcle quizzes.
OR
Log In

You Might Also Like...

Show Comments

Extras

Top Quizzes Today


Score Distribution

Your Account Isn't Verified!

In order to create a playlist on Sporcle, you need to verify the email address you used during registration. Go to your Sporcle Settings to finish the process.

Report this User

Report this user for behavior that violates our Community Guidelines.

Details: